000
00344nam a2200145Ia 4500
008
230718s9999 xx 000 0 und d
041
_a
Eng.
082
_a
346.42
_b
ZAH-T
100
_a
Zahid Ch Muhammad
245
4
_a
The punjab employs act
260
_a
Pakistan
_b
"Tour Star Publisher
_c
2013
300
_a
348
650
_a
Law
999
_c
30289
_d
30289